Drake Albums - Statistics

General Stats
  • This quiz has been taken 113 times
  • The average score is 8 of 10
Answer Stats
Release Date Album % Correct
November 15, 2011 Take Care
92%
June 29, 2018 Scorpion
90%
October 6, 2023 For All The Dogs
89%
February 14, 2025 $ome $exy $ongs 4 U
87%
April 29, 2016 Views
87%
September 3, 2021 Certified Lover Boy
84%
September 24, 2013 Nothing Was The Same
78%
June 17, 2022 Honestly, Nevermind
74%
November 4, 2022 Her Loss
73%
June 15, 2010 Thank Me Later
68%
No matching quizzes found
Score Distribution
Percent of People with Each Score
Percentile by Number Answered
Your Score History
You have not taken this quiz